<?xml version="1.0" encoding="UTF-8"?>
<collection xmlns="http://www.loc.gov/MARC21/slim">
 <record>
  <leader>01655nam a2200313 a 4500</leader>
  <controlfield tag="001">4446310</controlfield>
  <controlfield tag="008">100106s1994    sz       b   i000 0 eng d</controlfield>
  <datafield tag="010" ind1=" " ind2=" ">
   <subfield code="a">   94234143 </subfield>
  </datafield>
  <datafield tag="020" ind1=" " ind2=" ">
   <subfield code="a">9241561661</subfield>
  </datafield>
  <datafield tag="040" ind1=" " ind2=" ">
   <subfield code="a">NNNM</subfield>
   <subfield code="c">NNNM</subfield>
   <subfield code="d">CU</subfield>
   <subfield code="d">TxU</subfield>
   <subfield code="d">NcU-H</subfield>
   <subfield code="d">DLC</subfield>
   <subfield code="d">BD-DhAAL</subfield>
  </datafield>
  <datafield tag="082" ind1="0" ind2="0">
   <subfield code="a">613/.04244</subfield>
   <subfield code="2">20</subfield>
  </datafield>
  <datafield tag="100" ind1="1" ind2=" ">
   <subfield code="a">Cook, Rebecca J.</subfield>
  </datafield>
  <datafield tag="245" ind1="0" ind2="0">
   <subfield code="a">Women's health and human rights :</subfield>
   <subfield code="b">the promotion and protection of women's health through international human rights law /</subfield>
   <subfield code="c">Rebecca J. Cook.</subfield>
  </datafield>
  <datafield tag="260" ind1=" " ind2=" ">
   <subfield code="a">Geneva :</subfield>
   <subfield code="b">World Health Organization,</subfield>
   <subfield code="c">1994.</subfield>
  </datafield>
  <datafield tag="300" ind1=" " ind2=" ">
   <subfield code="a">vii, 62 p. ;</subfield>
   <subfield code="c">24 cm.</subfield>
  </datafield>
  <datafield tag="504" ind1=" " ind2=" ">
   <subfield code="a">Includes bibliographical references (p. 53-60).</subfield>
  </datafield>
  <datafield tag="505" ind1="0" ind2=" ">
   <subfield code="a">1. The evolution of international human rights relevant to women's health -- 2. Pervasive neglect of women's health -- 3. Measuring state compliance with treaty obligations -- 4. International human rights to improve women's health -- 5. Human rights mechanisms for protection of women's health -- 6. Conclusion -- Notes and references -- Annexes.</subfield>
  </datafield>
  <datafield tag="541" ind1="1" ind2=" ">
   <subfield code="e">00005896</subfield>
  </datafield>
  <datafield tag="650" ind1=" " ind2="0">
   <subfield code="a">Women</subfield>
   <subfield code="x">Health and hygiene.</subfield>
  </datafield>
  <datafield tag="650" ind1=" " ind2="0">
   <subfield code="a">Women's health services.</subfield>
  </datafield>
  <datafield tag="650" ind1=" " ind2="0">
   <subfield code="a">Women's rights.</subfield>
  </datafield>
  <datafield tag="650" ind1=" " ind2="0">
   <subfield code="a">Human rights.</subfield>
  </datafield>
  <datafield tag="650" ind1=" " ind2="2">
   <subfield code="a">Women's Health.</subfield>
  </datafield>
  <datafield tag="650" ind1=" " ind2="2">
   <subfield code="a">Human Rights</subfield>
   <subfield code="x">legislation.</subfield>
  </datafield>
  <datafield tag="710" ind1="2" ind2=" ">
   <subfield code="a">World Health Organization.</subfield>
  </datafield>
  <datafield tag="852" ind1="4" ind2=" ">
   <subfield code="a">Ayesha Abed Library</subfield>
   <subfield code="j">General shelf</subfield>
  </datafield>
  <datafield tag="999" ind1=" " ind2=" ">
   <subfield code="c">6771</subfield>
   <subfield code="d">6771</subfield>
  </datafield>
  <datafield tag="952" ind1=" " ind2=" ">
   <subfield code="0">0</subfield>
   <subfield code="1">0</subfield>
   <subfield code="2">ddc</subfield>
   <subfield code="4">0</subfield>
   <subfield code="6">613_042440000000000_COO_1994</subfield>
   <subfield code="7">0</subfield>
   <subfield code="9">6957</subfield>
   <subfield code="a">BRACUL</subfield>
   <subfield code="b">BRACUL</subfield>
   <subfield code="c">GEN</subfield>
   <subfield code="d">2010-01-07</subfield>
   <subfield code="l">0</subfield>
   <subfield code="o">613.04244 COO</subfield>
   <subfield code="p">3010005896</subfield>
   <subfield code="r">2010-01-07</subfield>
   <subfield code="t">1</subfield>
   <subfield code="w">2010-01-07</subfield>
   <subfield code="y">BK</subfield>
  </datafield>
  <datafield tag="952" ind1=" " ind2=" ">
   <subfield code="0">0</subfield>
   <subfield code="1">0</subfield>
   <subfield code="2">ddc</subfield>
   <subfield code="4">0</subfield>
   <subfield code="6">613_042440000000000_COO</subfield>
   <subfield code="7">0</subfield>
   <subfield code="9">24218</subfield>
   <subfield code="a">SCL</subfield>
   <subfield code="b">SCL</subfield>
   <subfield code="c">GEN</subfield>
   <subfield code="d">2000-10-03</subfield>
   <subfield code="l">1</subfield>
   <subfield code="m">2</subfield>
   <subfield code="o">613.04244 COO</subfield>
   <subfield code="p">3020002870</subfield>
   <subfield code="r">2018-12-05</subfield>
   <subfield code="s">2018-09-24</subfield>
   <subfield code="t">2</subfield>
   <subfield code="w">2014-04-26</subfield>
   <subfield code="y">BK</subfield>
  </datafield>
 </record>
</collection>
